000 00673nab a2200193 4500
001 244442
003 OSt
005 20240702091456.0
007 tu
008 200917s2020|||||||
040 _aDE-2950
_cDE-2950
245 0 0 _aAustritt bei den Linken - René Wilke bricht mit der Partei
_bPolitik. Oberbürgermeister René Wilke hat nach 24 Jahren seine Mitgliedschaft bei den Linken beendet. Wie er seinen Schritt begründet hat/
_cThomas Gutke
264 _c2024
653 _aFrankfurt (Oder)
653 _aRené Wilke
653 _aParteiaustritt
773 0 _g35. Jahrgang (2024) Nr. 151 vom 01.07.2024, S. 11, mit Foto
_tMärkische Oderzeitung
942 _2z
_cA
999 _c373225
_d373225